El Desarrollo económico-social de Costa Rica en el período 1978-1982: perspectivas y recomendaciones

Salvato in:
Dettagli Bibliografici
Ente Autore: Costa Rica. Oficina de Planificación Nacional y Política Económica
Natura: testo
Pubblicazione: San José: OFIPLAN
Tags: Aggiungi Tag
Nessun Tag, puoi essere il primo ad aggiungerne!!

MARC

LEADER 00000 a a2200000 04500
001 15982
003
040
090 |a 013500  
110 |a Costa Rica. Oficina de Planificación Nacional y Política Económica  
245 |a El Desarrollo económico-social de Costa Rica en el período 1978-1982: perspectivas y recomendaciones  
260 |a San José:   |b OFIPLAN  
300 |a 182 p.  
999 |c 6698  |d 6698